Normal view MARC view
  • Diego Bautista, Oscar

Entry Nombre Personal

Number of records used in: 30

001 - NUMERO DE CONTROL

  • campo de control: 35244

003 - IDENTIFICADOR DE NUMERO DE CONTROL

  • campo de control: UPN

005 - FECHA Y HORA DE LA ÜLTIMA TRANSACCIÓN

  • campo de control: 20210219194501.0

008 - DATOS DE LONGITUD FIJA

  • campo de control de longitud fija: nabaccnnaabn|||||||||| b |nc|||||d

035 ## - NUMERO DE CONTROL

  • Número de control: UPN11000007351

040 ## - FUENTE DE CATALOGACIÓN

  • Lenguaje de catalogación: SPA
  • Agencia de transcripción: UPN

100 1# - ENCABEZAMIENTO - NOMBRE PERSONAL

  • Nombre personal: Diego Bautista, Oscar

400 1# - VEÁSE - NOMBRE DE PERSONA

  • Personal name: Bautista, Oscar Diego

670 ## - FUENTE EN LA QUE SE LOCALIZARON DATOS

  • Cita de la fuente: LC

680 ## - NOTA PUBLICA DE ACCESO PÚBLICO

  • Encabezamiento o subdivisión: Investigador español con Doctorado por la Universidad Complutense de Madrid

902 ## - CATALOGADOR

  • Catalogador: MCM/160514